| 000 | 00586nam a2200205Ii 4500 | ||
|---|---|---|---|
| 003 | JO-AjNU | ||
| 008 | 230606s9999||||xx |||||||||||||| ||und|| | ||
| 040 |
_aJO-AjNU _beng _erda _cJO-AjNU |
||
| 041 | _aeng | ||
| 050 | 1 | 4 | _aLB1051.A33 2007 |
| 100 | 3 |
_aAggarwal, J. C., _eauthor _91322 |
|
| 245 | 0 | 0 | _aEssentials Of Educational Psychology |
| 250 | _a2 ed | ||
| 264 | 3 | 1 | _aNew Delhi:Vikas publishing house,2007 |
| 300 | _a596P | ||
| 336 |
_atext _btxt _2rdacontent |
||
| 337 |
_aunmediated _bn _2rdamedia |
||
| 338 |
_avolume _bnc _2rdacarrier |
||
| 650 | 4 |
_aEducational Psychology _91323 |
|
| 999 |
_aE695 _c695 _d695 |
||